| 000 | 00803cab a2200253 4500 | ||
|---|---|---|---|
| 001 | WB2447-18 | ||
| 008 | 090401t1988 xxu||||| |||| 00| 0 eng d | ||
| 035 | _a(Sirsi) u76805 | ||
| 041 | _aeng | ||
| 245 | _aEast London housing study | ||
| 260 | _c1988 | ||
| 350 | _a0 | ||
| 490 |
_aDoE News Release _vNo 656 23 November 1988, 6 pages |
||
| 520 | _aA study to consider the development of five sites for housing in east London has been completed by consultants for the Government. Ministers are examining the findings. | ||
| 650 | _aBARKING REACH | ||
| 650 | _aBECKTON GAS WORKS | ||
| 650 | _aCOOPERS AND LYBRAND | ||
| 650 | _aGREENWICH PENINSULA | ||
| 650 | _aLOWER LEA VALLEY | ||
| 650 | _aSTRATFORD RAILYARDS | ||
| 690 |
_aBlock management _96220 |
||
| 942 | _n0 | ||
| 948 | _c04/03/1997 | ||
| 999 |
_c48256 _d48256 |
||